00921nam a22002537a 4500999001700000005001700017008004100034010001500075020002600090020002300116035001300139037001300152040001700165082001100182100002900193245005500222260002700277270005200304300006400356500005200420650003900472942002500511952013100536 c69985d6998520230310103247.0120913t xxu||||| |||| 00| 0 eng d aENG-105869 a9788129108302c695.00 a8129108305c695.00 aEN-89402 bDBAD/PUB aDPLbEnglish a954.16 aMohapatra, Satyen952277 aDelhi : ba city of museums /cby Satyen Mohapatra aNew DelhibRupa c2012 a7/16, Ansari Road, DaryaganjbNew Delhie110002 axvi, 159, [1] p. :bill. (chiefly col.), col. mapc28cm(Hb) aIncludes bibliographical references (p. [160]). aMuseumszIndia zNew Delhi.952504 2ddccENmMOHh954.16 00102ddc40718NFICaDBADbDBADd2012-09-13eDBAD / PUBg695.00l0o954.16 MOHpEN-89402r2012-09-13 00:00:00t1v695.00yEN